| 000 | 01065nam a2200253 i 4500 | ||
|---|---|---|---|
| 003 | DO-SdBNP | ||
| 005 | 20230824134324.0 | ||
| 006 | a||||gr|||| 00| 0 | ||
| 007 | ta | ||
| 008 | 230824e1951 dr ||||| |||| 00| 0 spa d | ||
| 040 |
_aDO-SdBNP _bspa _cBNPHU _erda |
||
| 082 | 4 |
_222 _bP147a |
|
| 100 | 1 |
_aPaino Pichardo, Rafael _956155 _eautor |
|
| 245 | 1 | 0 |
_aArcadia de América: _bconferencia. / _cRafael Paino Pichardo |
| 264 | 1 |
_aCiudad Trujillo, R. D. : _bMontalvo, _c1951 |
|
| 300 |
_a46 páginas ; _c23 cm. |
||
| 336 |
_2rdacontent _atexto _btxt |
||
| 337 |
_2rdamedia _asin mediación _bn |
||
| 338 |
_2rdacarrier _avolumen _bnc |
||
| 500 | _aA la Memora de don José Trujillo Valdez cuya vida fue intensa vocación de servir. Homenaje de Rafael Paino Pichardo. | ||
| 505 |
_aI- En los Albores de la Colonia. _tII - Rumbo al Porvenir;.-- III - Ardores de Progreso;.-- IV - La Educación y el Cristianismo;.-- V - Nido de Inspiración y Ternura;.-- VI - Fragua de Caracteres; y VII - La Llamada del Suelo. |
||
| 590 | _aInventariado 2023 / MF | ||
| 942 |
_2ddc _cLBS1 |
||
| 999 |
_c54517 _d54517 |
||